[Event "World-ch Tournament"]
[Site "Mexico City"]
[Date "2007.09.21"]
[Round "8"]
[White "Gelfand, Boris"]
[Black "Anand, Viswanathan"]
[Result "1/2-1/2"]
[WhiteElo "2733"]
[BlackElo "2792"]
[Annotator "Marin,M"]
[PlyCount "39"]
[EventDate "2007.09.13"]
[EventType "tourn"]
[EventRounds "14"]
[EventCountry "MEX"]
[EventCategory "21"]
[SourceTitle "CBM 120"]
[Source "ChessBase"]
[SourceDate "2007.10.02"]
[SourceVersion "1"]
[SourceVersionDate "2007.10.02"]
[SourceQuality "1"]

1. d4 Nf6 2. c4 e6 3. g3 d5 4. Bg2 Be7 5. Nf3 O-O 6. O-O dxc4 7. Qc2 a6 8. Qxc4
b5 9. Qc2 Bb7 10. Bd2 Bd6 $5 {This move was played only once before. Since for
the time being both sides are playing a watch and wait game, Black prepares in
advance the thematic central break ...e5. Hasta ahora, esto se ha jugado solo
una vez.Dado que por el momento ambas partes están practicando un juego de
espera, las negras preparan con antelación la típica ruptura ...e5.} 11. Rd1
$146 ({White will fail to prove an advantage with this neutral move. In the
only previous game where 10...Bd6 was played before, White answered with Las
blancas no obtendrán ventaja con esta jugada.} 11. Bg5 {. Unexpectedly, this
leads to a transposition to the line 10.Bf4 Bd6 11.Bg5, which was played in
several games already. This might be a tricky transposition when preparing a
variation.} Nbd7 12. Nbd2 ({The only game where 10.Bd2 was played continued
with} 12. Rd1 Qb8 13. Bxf6 Nxf6 14. Nbd2 Rc8 15. Ng5 Bxg2 16. Kxg2 Qb7+ 17. Kg1
c5 18. Nde4 Nxe4 19. Nxe4 Qb6 20. d5 exd5 21. Rxd5 Be7 22. Rad1 Qe6 23. a4 {
Speelman,J (2570)-Browne,W (2540)/Wijk aan Zee 1983/MCD (1/2-1/2, 63)}) 12...
Rc8 $5 {[%cal Yc7c5]} (12... h6 $6 13. Bxf6 Nxf6 (13... Qxf6 14. Ne5 Bxg2 15.
Nxd7 Qd8 16. Nxf8 Bxf1 17. Nxe6 fxe6 18. Rxf1 $18 {Kirov,N (2470)-Pisa Ferrer,
J (2355)/Olot 1992/TD (1/2-1/2! 61)}) 14. Rfd1 Rc8 15. Nb3 Be4 16. Qc3 Qe7 17.
Rac1 Bd5 18. Ne5 (18. Ne1 $5) 18... Bxg2 19. Kxg2 Bxe5 20. dxe5 Nd5 21. Qc5 $14
{Ricardi,P (2480)-Soppe,G (2460)/San Fernando 1993/EXT 98 (1/2-1/2, 40)}) (
12... c5 $6 13. Bxf6 Qxf6 $2 (13... gxf6) 14. Ne5 Bxg2 15. Nxd7 Qd8 16. Nxf8
Bxf1 17. Qxh7+ Kxf8 18. Rxf1 cxd4 19. Qh8+ Ke7 20. Qxg7 $16 {Huebner,R (2605)
-Eng,H (2345)/Germany 1985/GER-chT (1-0, 36)}) 13. Bxf6 Nxf6 (13... Qxf6 {
works out better tactically than in the previous lines, but is still bad:} 14.
Ne5 $1 Bxg2 15. Nxd7 Qh6 {This square was not available in one of the lines.
The queen is out of the knight's reach in case of both Nxf8 and Nxe6.} 16. Kxg2
Rfd8 {Unexpectedly, the knight is trapped, because of the pin along the d-file.
However, after} 17. Nf3 Rxd7 18. Qc6 $16 {White has a dream position.}) 14. Nb3
Be4 15. Qc3 Qe7 16. Rac1 Nd7 17. Qe3 f5 $13 {Bauer,C (2571)-Bologan,V (2652)/
Belfort 2002/CBM 090 (0-1, 40)}) 11... Nbd7 12. Ba5 Qb8 13. b4 e5 $132 14. Nbd2
(14. Nc3 {fails to prevent Black's freeing plan:} exd4 15. Nxd4 Bxg2 16. Kxg2
Qb7+ 17. Kg1 c5 {In case of} 18. Ndxb5 {, Black has} Bxg3 $1 $11) 14... exd4
15. Nxd4 (15. Nb3 $5 {does not stabilize the queenside either:} c5 16. bxc5 Rc8
$132) 15... Bxg2 16. Kxg2 c5 $1 {Just in time.} (16... Qb7+ $2 17. Qc6 $16) 17.
bxc5 (17. Nf5 cxb4 (17... Re8 $5) (17... Be5 $6 18. bxc5 $5 Bxa1 19. c6 Be5 (
19... Nb6 20. Rxa1 $44 {[%csl Gc6,Gf5]}) 20. cxd7 Nxd7 21. Nf3 {[%csl Gd7,Ge5]}
Qb7 22. Rxd7 Qxd7 23. Nxe5 Qd5+ 24. Nf3 $16) 18. Nf3 Bc5 $13) 17... Bxc5 18.
N2b3 Ba3 19. e4 Ne5 20. Nf5 {White has no advantage at all. In fact, Black's
position looks more appealing already.} 1/2-1/2

[Event "WchT 8th"]
[Site "Ningbo"]
[Date "2011.07.20"]
[Round "4.2"]
[White "Wang, Yue"]
[Black "Onischuk, Alexander"]
[Result "1-0"]
[WhiteElo "2709"]
[BlackElo "2675"]
[Annotator "Marin,M"]
[PlyCount "57"]
[EventDate "2011.07.17"]
[EventType "team-tourn"]
[EventRounds "9"]
[EventCountry "CHN"]
[SourceTitle "CBM 144"]
[Source "ChessBase"]
[SourceDate "2011.09.16"]
[SourceVersion "1"]
[SourceVersionDate "2011.09.16"]
[SourceQuality "1"]
[WhiteTeam "China"]
[BlackTeam "US of America"]
[WhiteTeamCountry "CHN"]
[BlackTeamCountry "USA"]

1. Nf3 Nf6 2. c4 e6 3. g3 d5 4. Bg2 Be7 5. O-O O-O 6. d4 dxc4 7. Qc2 a6 8. a4
Bd7 9. Qxc4 ({For} 9. Rd1 {see Leko,P (2734)-Ponomariov,R (2734)/Dortmund 2010/
CBM 138/[Marin] (1/2, 41)}) 9... Bc6 10. Bf4 a5 11. Nc3 Na6 12. Rac1 Nb4 13.
Ne5 Bxg2 14. Kxg2 Nfd5 15. Nxd5 Qxd5+ 16. Qxd5 Nxd5 17. Bd2 {This queenless
middlegame is slightly better for White, but Black makes things even worse
with his strange novelty.} Rfd8 $2 $146 (17... c6 {Le Quang,L (2681)
-Mamedyarov,S (2761)/Dortmund 2010/CBM 138/[Marin,M] (1/2, 52)}) 18. e4 $1 Nb6
$2 (18... Nf6 19. Rxc7 Rxd4 20. Rxe7 (20. Bc3 Bd6) 20... Rxd2 21. Rxb7 Nxe4 22.
Rxf7 Rxb2 (22... Rd5 {fails to question White's stability:} 23. f4 Rxe5 $2 24.
fxe5) 23. Re1 $14) 19. Rxc7 Bd6 20. Rxb7 Bxe5 21. Rxb6 Rxd4 (21... Bxd4 22. Rb5
) 22. Bc3 Rxe4 23. Re1 Rxe1 24. Bxe1 Ra7 25. Bc3 Bc7 26. Rc6 Kf8 27. g4 $16 f5
$2 28. Bd4 $1 (28. Rxe6 fxg4) 28... Rb7 29. Rxe6 (29. Rxe6 fxg4 30. Bc5+ Kf7
31. Re7+ Kf6 32. Bd6) 1-0

[Event "EU-ch 8th"]
[Site "Dresden"]
[Date "2007.04.03"]
[Round "1"]
[White "Kozul, Zdenko"]
[Black "Georgiadis, Ioannis"]
[Result "1-0"]
[WhiteElo "2610"]
[BlackElo "2413"]
[Annotator "Marin,M"]
[PlyCount "129"]
[EventDate "2007.04.03"]
[EventType "swiss"]
[EventRounds "11"]
[EventCountry "GER"]
[SourceTitle "CBM 118"]
[Source "ChessBase"]
[SourceDate "2007.05.31"]
[SourceVersion "1"]
[SourceVersionDate "2007.05.31"]
[SourceQuality "1"]

1. d4 Nf6 2. Nf3 e6 3. c4 d5 4. g3 Be7 5. Bg2 O-O 6. O-O dxc4 7. Qc2 a6 8. a4 {
This variation is one of Kozul's specialties. White prevents Black from
gaining space on the queenside by means of ...b5, but weakens the b4-square in
chronic way. Theory generally considers that this move offers White less
chances for obtaining an advantage than after the immediate capture on c4, but
at the same time Black's chances for counterplay are almost non-existent.} Bd7
9. Qxc4 ({Over the years, Kozul has also tried} 9. Ne5 Bc6 10. Nxc6 Nxc6 11. e3
Na5 12. Nd2 {when Black is supposed to equalise with} c5) 9... Bc6 10. Bg5 {
This can be regarded as a small concession that White has to make in this line.
Generally speaking, it would be desirable to develop the knight first.} ({
However, after} 10. Nc3 {Black can play} b5 $1 {followed by ...b4, when the
knight would provoke considerable loss of time.}) 10... Bd5 {Black immediately
takes advantage of the fact that the e4- and d5-squares are not sufficiently
well defended (the knight is on b1 still!) in order to start active operations
in the centre.} ({For decades,} 10... a5 11. Nc3 Na6 {has been regarded as the
main line, but recent practice has showed that White has good chances of
consolidating his advantage in the centre.}) 11. Qc2 Be4 12. Qd1 {The queen
has returned to its initial square after consuming 4 tempi, but the black
bishop has also moved quite a lot and is likely to provoke some additional
loss of time.} c5 13. dxc5 Nbd7 ({For} 13... Bxc5 {see Kozul's game against
Baramidze from the same tournament.}) 14. Nbd2 $146 {A new move.} ({Previously,
} 14. Nc3 {has been played, with the continuation} Bc6 15. b4 a5 16. b5 Bxf3
17. Bxf3 Nxc5 {In his comments to the game Kozul,Z (2569)-Ribli,Z (2564)/Solin/
Split 2001/CBM 087/[Ribli] (1-0, 51) Ribli gives a comprehensive survey on
this line. Kozul had some ulterior (but not too relevant) experience with this
line, continuing} 18. Qxd8 Rfxd8 19. Be3 Rac8 20. Bxc5 Rxc5 21. Ne4 Nxe4 22.
Bxe4 {1/2-1/2 Kozul,Z (2589)-Delchev,A (2628)/Benidorm 2006/TWIC 631}) 14...
Bd5 {A logical retreat: since the d5-square is not attacked, why not make use
of it. However, the bishop will prove to be not too stable in the centre,
allowing White win some space with gain of tempo.} ({Kozul's new idea might be
based on the fact that after} 14... Bc6 15. b4 a5 16. b5 Bxf3 17. Bxf3 Nxc5 {
the white knight is better placed than on c3, enabling} 18. Nc4 $14 {[%csl Ya5,
Yb6] with pressure against the a5- and b6-squares.}) 15. Qc2 {[%csl Yc5,Ye4]} (
15. Rc1 Rc8 $1 (15... Nxc5 $6 16. Bxf6 gxf6 17. Ne1 Rc8 18. b4 Bxg2 19. Nxg2
Nd7 20. Rxc8 Qxc8 21. Qb3 $14) 16. b4 a5 $11) 15... Nxc5 (15... Rc8 $6 16. b4
a5 17. e4 $16) 16. Bxf6 gxf6 {White has managed to spoil Black's kingside
structure, which will ofer him a comfortable target in the long run.} 17. b4
Nd7 18. e4 $5 {At this stage of the game, it is far from clear who will
actually benefit from this pawn advance. White wins some space in the centre,
but weakens the d4- and d3-squares, something he does not usually do in the
Catalan.} (18. Qb2 {[%cal Yf3d4] /\Nd4}) 18... Bc6 19. Rab1 {[%csl Gc6][%cal
Yb4b5]} Rc8 20. Qa2 b5 21. axb5 Bxb5 ({It is hard to give a refutation to} 
21... axb5 {[%csl Yc6] , but one can understand Black for wishing to open new
horisons for his bishop.}) 22. Rfd1 Qb6 23. Bf1 {An important moment. After
spoiling Black's kingside structure, one important element to achieve for
White is the exchange of the light-squared bishops. This would not only reduce
Black's counter-attacking potential, but also increase the significance of the
structural deffects (the f5-square will become potentially weaker now). The
curious thing is that this exchange is carried out along the f1-a6 diagonal 
(Catalan players are more used to doing it along the long diagonal, of course).
} Rfd8 24. Bxb5 axb5 25. Qb3 {Preparing the transfer of the queen to the
kingside.} Nb8 26. Ne1 {In the Catalan, this move is usually the preliminary
step to the transfer of the knight to d3. Here, it only clears the way for the
queen, because the d3-square is anything but stable after the advance of the
e-pawn.} Nc6 27. Qf3 Nxb4 {Black has managed to win a pawn, but he will face
serious problems defending his kingside and the b-pawn at the same time. From
a practical point of view, White's position is easier to handle (in the worst
of the cases, he should be able to find aperpetual), although we can probably
not speak about an objective advantage yet.} 28. Qg4+ Kh8 29. Qh5 $44 Rf8 {
It is hard to give a definitive evaluation to this move. Black maintains his
king on a safe position, but does not fight for space on the kingside in any
way.} ({In case of} 29... Kg7 {, preventing a further Qh6, White is not forced
to repeat moves. He could continue as in the game with} 30. Ndf3 {eventually
followed by e5, when the king would feel relatively insecure on g7.}) 30. Ndf3
Qc5 31. Qh6 Rcd8 32. Rdc1 Qd6 33. Rb3 Rc8 34. Rcb1 Nc6 35. Rxb5 $14 {After
winning his pawn back, White can finally claim a minimal advantage. His major
pieces are more active and his king is much safer.} Rg8 36. Rh5 Rg7 37. Rc1 Rd8
38. Rhc5 {The possibility of switching from one wing to another has not
disappeared after the elimination of the b-pawn. Black's position is not easy
to handle, although there are no big concrete threats yet.} Nd4 {Black had no
good squares for his knight. However, after the exchange of one pair of
knights, White's chances of setting up a domination on light squares increases.
The bishop will be not of great help from this point of view.} 39. Nxd4 Qxd4
40. Rc7 Rd7 41. Nf3 Qd3 42. Qf4 Rg8 43. Rxd7 Qxd7 44. Rc7 Qd8 45. Qc1 {[%cal
Yc1c6] Heading for c6.} Re8 46. Qc6 Kg8 {Black has somewhat "corrected" his
kingside arrangement of pieces, but the feeling of safety is relative, because
White can switch back any moment.} 47. Rd7 Qb8 48. Rb7 Qd8 49. Nd4 $1 {[%csl
Ye8] In the Catalan, the (king's) knight is the piece specially designed to
occupy the c6-square.} Bf8 50. Qa4 (50. Qb5 $5) 50... Qc8 51. Qb5 Qc1+ (51...
Qc3 $5 {Of course, such a move is not easy to find in the permanent time
trouble FIDE places players in after the 30th move with their "revolutionary"
time control.} 52. Nf3 (52. Qxe8 Qe1+ 53. Kg2 Qxe4+ $15 {[%cal Ye4b7]}) 52...
Re7 $14) 52. Kg2 Rd8 $2 (52... Re7 $14) 53. Nc6 $6 $16 (53. Qh5 $1 $18) 53...
Rd1 54. Qh5 Rg1+ 55. Kh3 Qh6 56. Qxh6 Bxh6 57. Nd8 {Although Kozul has failed
to find a simpler win, the final result cannot be put under question.} Rd1 58.
Nxf7 Bg7 59. e5 $5 fxe5 60. Ng5 Bh6 61. Nxh7 Rd2 62. Nf6+ Kf8 63. Nd7+ Kg8 64.
Nxe5 Rxf2 65. Ng4 1-0

[Event "Dortmund SuperGM 41st"]
[Site "Dortmund"]
[Date "2013.07.29"]
[Round "4"]
[White "Khenkin, Igor"]
[Black "Fridman, Daniel"]
[Result "1/2-1/2"]
[WhiteElo "2605"]
[BlackElo "2629"]
[Annotator "Marin,M"]
[PlyCount "88"]
[EventDate "2013.07.26"]
[EventType "tourn"]
[EventRounds "9"]
[EventCountry "GER"]
[EventCategory "19"]
[SourceTitle "CBM 156"]
[Source "ChessBase"]
[SourceDate "2013.09.17"]
[SourceVersion "1"]
[SourceVersionDate "2013.09.17"]
[SourceQuality "1"]

1. d4 d5 2. c4 e6 3. Nf3 Nf6 4. g3 Be7 5. Bg2 O-O 6. O-O dxc4 7. Qa4 a6 8. Qxc4
b5 9. Qc2 Bb7 10. Bd2 Be4 11. Qc1 c5 $5 12. dxc5 Nbd7 13. b4 a5 14. Nc3 (14.
Rd1 {Rodshtein,M (2616)-Pelletier,Y (2601)/Eilat 2012/CBM 151/[Pelletier] (1/2,
33)}) 14... axb4 15. Nxe4 Nxe4 16. Bxb4 Bxc5 17. Qb1 Bxb4 (17... Ra4 18. Bxc5
Ndxc5 19. Qxb5 Qd5 20. Qb2 Rfa8 21. a3 f6 22. Rad1 Qb3 23. Qxb3 Nxb3 {Bluebaum,
M (2433)-Feygin,M (2538)/Germany 2013/CBM 153 (1/2, 37)}) 18. Qxb4 Ndf6 19.
Qxb5 Nc3 20. Qb2 Qc7 21. Rac1 Nfd5 22. Nd4 Rfb8 23. Qd2 Rxa2 24. Qxa2 Nxa2 25.
Rxc7 Nxc7 $11 {White's advantage is purely symbolical.} 26. Nc6 Rb5 27. Rd1 Ne8
28. f4 Nc3 29. Rd8 Rb1+ 30. Kf2 Nd1+ 31. Ke1 Nb2+ 32. Kf2 Nd1+ 33. Ke1 Nb2+ 34.
Kd2 Rd1+ 35. Kc3 Rxd8 36. Nxd8 Na4+ 37. Kd4 Nd6 38. e4 Kf8 39. Nc6 Ke8 40. Bf1
Kd7 41. Ne5+ Ke7 42. Nc6+ Kd7 43. Ne5+ Ke7 44. Nc6+ Kd7 1/2-1/2

[Event "Tata Steel-A 76th"]
[Site "Wijk aan Zee"]
[Date "2014.01.11"]
[Round "1"]
[White "Van Wely, Loek"]
[Black "Karjakin, Sergey"]
[Result "0-1"]
[WhiteElo "2672"]
[BlackElo "2759"]
[Annotator "Marin,M"]
[PlyCount "120"]
[EventDate "2014.01.11"]
[EventType "tourn"]
[EventRounds "11"]
[EventCountry "NED"]
[EventCategory "20"]
[SourceTitle "CBM 159"]
[Source "ChessBase"]
[SourceDate "2014.03.17"]
[SourceVersion "1"]
[SourceVersionDate "2014.03.17"]
[SourceQuality "1"]

1. d4 Nf6 2. c4 e6 3. g3 d5 4. Bg2 Be7 5. Nf3 O-O 6. O-O dxc4 7. Qc2 a6 8. a4
Bd7 9. Qxc4 Bc6 10. Bf4 a5 11. Nc3 Na6 12. Rae1 {I sometimes tend to play
moves like this, Rae1 or Rae8, heading for a massive concentration of forces
on the kingside. And on many occasions I soon get the feeling that Rfe1(8)
followed by Rad1(8) would have been more flexible. I must admit, though, that
I would not consider seriously the last move. I really do not see what the
other rook is dong on f1.} Bd5 (12... Ne4 {Tkachiev,V (2643)-Zelcic,R (2540)
Istanbul 2003 CBM 096 [Ribli] (1-0, 43)}) ({A quarter of a century ago, it was
painful to see one of my biggest heroes ever defeated with} 12... Nb4 $6 {
This does not prevent White's plan at all.} 13. e4 Nd7 14. Ra1 $6 {[%csl Ga4]
Admitting that Rae1 was somewhat artificial is one thing, but giving way two
tempi may be too much...} (14. b3 $5) (14. Qe2 Nb6 15. b3) 14... Bd6 15. Be3 (
15. Bd2 $5) 15... Nc2 16. Bg5 Nb6 17. Qd3 Nb4 18. Qe2 Qe8 19. b3 f5 $132 {
Kortschnoj,V (2640)-Hjartarson,J (2590) Saint John 1988 (0-1, 38)}) 13. Nxd5 {
But this looks like a real concession. After strengthening his centre, Black
cannot be worse at all.} (13. Qd3 Nb4 14. Qb1 Bb3 $132 {Poldauf,D (2375)
-Pieniazek,A (2345) Rostock 1989 EXT 2002 [Poldauf,D] (1/2, 35)}) (13. Qb5 Bb4
(13... Bc6 14. Qb3 Nb4 15. Rc1 {Tkachiev,V (2643)-Delchev,A (2577) Istanbul
2003 (1/2, 15)}) 14. Bg5 Bc6 15. Qc4 h6 (15... Bd5 16. Qd3 c5 17. e4 cxd4 18.
Nxd5 exd5 19. e5 Nc5 20. Qd1 h6 21. exf6 hxg5 22. fxg7 Kxg7 23. Qxd4+ $16 Qf6
$2 24. Re5 $1 $18 {Ragger,M (2572)-Georgiadis,I (2457) Peristeri 2010 (1-0, 28)
}) (15... Bxf3 16. Bxf3 c6 17. e4 h6 18. Be3 $14 {Cvitan,O (2546)-Horvath,P 
(2463) Rabac 2003 (1-0, 67)}) 16. Bxf6 Qxf6 17. e4 Rfd8 18. Re2 Be8 19. Rd1 c6
20. h4 b5 $5 21. Qa2 bxa4 22. Nxa4 c5 $36 23. d5 exd5 $6 (23... Bb5 24. Re3
exd5 25. exd5 Re8 $36) 24. exd5 Bb5 25. Re4 $1 $36 {Buhmann,R (2565)-Boensch,U
(2523) Austria 2008 (1-0, 61)}) 13... exd5 14. Qb5 Qc8 $146 {Just a matter of
taste.} (14... Rb8 15. Qxa5 Bb4 16. Qb5 c6 17. Qd3 Bxe1 18. Nxe1 Ra8 19. Qb3 {
Inarkiev,E (2681)-Jakovenko,D (2720) Odessa (rapid) 2008 (1/2, 85). White's
compensation is not too obvious; if it exists, it should not yield more than
equality.}) 15. Qb3 (15. Qxa5 Bb4) 15... Nb4 16. Nd2 c6 {Black has a
comfortable position, but the bishop pair should allow White maintain
approximate equality.} 17. e4 {The only consequent plan after Rae1. White's
activity should compensate for the weakness of the isolated pawn.} dxe4 18.
Nxe4 Nxe4 19. Rxe4 Qd7 20. Bd2 Nd5 21. Re2 $6 {An unnecessary retreat,
weakening the d4-pawn and preparing an unnecessary concession on the next move.
} (21. Rfe1 {looks more logical:} Bf6 22. h4 h5 23. Bf1 g6 24. Bc4 Bg7 $11 {
There is no obvious way to make progress with either side. Black cannot
release the pressure along the e-file with ...Re8 without losing the b-pawn.
And White cannot transform his pressure into something concrete.}) 21... Bf6
22. Bxd5 $6 {This is starting to look too straightforward an attempt to play
for a draw. Or maybe White overestimated his rook activity along the seventh
rank (see below).} (22. Re4 Rfe8) (22. Rd1 Bxd4 $140 $6 23. Bxd5 Qxd5 24. Qxd5
cxd5 25. Bf4 $36) 22... Qxd5 23. Qxd5 (23. Qxb7 Bxd4 {leaves Black nicely
centralised.}) 23... cxd5 24. Rc1 (24. Rd1 Rfc8) 24... Bxd4 25. Bf4 {With
respect to the line starting with 22.Rd1 above, Black can keep his d-pawn now.}
Rfd8 26. Rc7 {This counterplay will not bring in any result.} (26. Rd2 Bf6 (
26... Bb6 27. Rcd1 d4 28. Be5 Rd5 29. Bxd4 Rad8 30. Be3 $11) 27. Rc5 d4 28. Rd3
Rd7 29. Kg2 $44 {/= Given White's activity, it it hard to believe that Black
can convert his extra pawn.}) 26... b6 27. Ree7 Bxb2 28. Rxf7 Rac8 {The
g7-pawn is safely defended and Black keeps his small material advantage.} 29.
Rb7 Rc4 30. Rfc7 Bd4 31. Be3 Rxc7 32. Rxc7 Bxe3 33. fxe3 d4 34. exd4 Rxd4 35.
Rb7 Rb4 $1 {It is useful to keep some queenside tension. The necessity of
keeping the b6-pawn under attack restricts the white rook's activity.} (35...
Rxa4 36. Rxb6 Ra2 {Otherwise White would not have any problem at all.} 37. Ra6
a4 38. Ra7 a3 39. Kf1 $5 ({Passivity looks suicidal:} 39. Kh1 h5 40. h4 g6 41.
Kg1 Kf8 42. Kh1 Ke8 43. Kg1 Kd8 44. Ra6 Kc7 45. Rxg6 Rb2 46. Ra6 a2 $19 {
[%cal Gb2b1]}) 39... h5 40. Ke1 Kh7 41. Ra6 g5 42. Kd1) 36. Kg2 h5 37. Kf3 Kh7
38. h4 $2 {If Black just had an extra pawn on the queenside, with his rook in
front of it, this would be the safest defensive method. The way it is, it just
offers Black the possibility of a winning mechanism.} (38. h3) 38... Kg6 (38...
Rxa4 $1 39. Rxb6 {Otherwise, Ra6 would draw.} Rb4 $1 40. Ra6 a4 41. Ke3 Kg8 42.
Ra7 Rg4 $1 {The key move. The rook defends all the pawns and attacks the
g3-pawn. Therefore, the king can slowly navigate first to b8, then to b3.} 43.
Kf3 Kf8 44. Rd7 Ke8 45. Ra7 Kd8 46. Kf2 Kc8 47. Kf3 Kb8 48. Ra5 g6 49. Kf2 Kb7
$19) 39. Rd7 {I am not sure why Black abandoned the old defensive system. The
new one is stirring up trouble, supposing that White was not going to notice
the plan indicated above.} Kf6 40. Rd6+ Kf5 41. Rd5+ (41. Rc6 g6 42. Rd6 Rxa4
43. Rxb6 Rb4 44. Ra6 a4 45. Ra5+ Ke6) 41... Ke6 {The game becomes a race now,
with certain drawing chances for White.} (41... Kg6 42. Rd6+ Kh7 {would have
returned the technical process to the right track.}) 42. Rg5 Kf7 43. Rxh5 Rxa4
44. Rh8 Rb4 45. Ra8 g5 46. hxg5 Kg6 47. Rg8+ Kh5 48. g4+ Kh4 49. Rg6 $2 {
White starts losing valuable time just when he was close to his goal.} (49. g6
$1 Kg5 50. g7 Kg6 51. Kg3 Kh7 52. Ra8 Kxg7 53. Kh4 a4 54. Ra7+ (54. Kh5 $2 Rb5+
55. g5 Ra5 $19) 54... Kg6 55. Ra8 {and Black cannot make progress:} Re4 56. Ra6
Rb4 57. Ra8 $11) 49... a4 50. Rg7 b5 51. Rg8 a3 52. g6 Kg5 53. g7 Rb3+ 54. Ke4
Kg6 55. Ra8 Kxg7 {With three extra tempi with respect to the previous line,
Black wins.} 56. Kf5 Rf3+ 57. Ke4 Rc3 58. Kf5 Rc5+ 59. Kf4 Rc4+ 60. Kf5 Ra4 0-1